000 00274nam a2200121Ia 4500
008 190216s9999||||xx |||||||||||||| ||und||
100 _aVasudevan Nair M T
245 0 _aArabipponnu
260 _bDc Books
_c1990
300 _a413p
650 _aMalayalam Novel
942 _cBK
999 _c27353
_d27353